1317 1952 1772 1773 1574 1120 1842 1328 1113 1718 1245 1107 1039 1181 1435 1964 1878 1268 1260 1350 1578 1876 1844 1675 1509 1606 1622 1178 1970 1058 1251 1156 1938 1778 1466 1033 1600 1464 1112 1402 1530 1376 1720 1814 1914 1093 1895 1293 1675 1030 1198 1185 1973 1242 1787 1706 1651 1469 1636 1060 1154 1714 1403 1881 1077 1219 1975 1074 1052 1030 1960 1157 1818 1982 1909 1003 1195 1111 1724 1677 1904 1077 1300 1824 1468 1192 1591 1038 1976 1863 1061 1948 1584 1857 1051 1108 1429 1833 1338 BCNSPRNW ULIB Ver.6.0+V

เปลี่ยนเป็นภาษาไทย

Change to English
 แสดงรายละเอียดบรรณานุกรม
  กลับหน้าหลัก

Brief Record : Get Marc (ISO 2709) : E-mail record : QR code < ปิดหน้าต่าง
LEADER : 00000nam 2200000uu 4500
001    13399111720
003     ULIB
008    110707s2554||||th 000 0 tha d
024    9786160603428
090    นว.^bอ525อ 2554
100 0  อัญชรีย์
245 00 Aroma...กลิ่นกรุ่นอุ่นหัวใจ/^cอัญชรีย์
250    พิมพ์ครั้งที่ 4
260    กรุงเทพฯ :^bแจ่มใส,^c2554
300    248 หน้า
945    ^p159^l0^i18288
995     เกษร
999     ^aใช้งานได้ทุกระบบ
รายการนี้ยังไม่มีแท็ก
คุณยังไม่ได้ล็อกอิน คุณสามารถมีกิจกรรมร่วมกับเว็บไซต์ได้ แต่ต้องล็อกอินก่อน ::
  ล็อกอิน

รายการสื่อสารสนเทศ

ลำดับที่ ประเภท เลขเรียก/บาร์โค้ด สถานที่ สถานะ
1. นวนิยาย
นวนิยาย
นว. อ525อ 2554  
  Barcode: 18288
ห้องสมุดวิทยาเขตสวรรค์ประชารักษ์
►นวนิยาย
บนชั้น
  ขอยืม

รายการใกล้เคียง
    ผู้แต่ง [อัญชรีย์]

BibComment


ยังไม่เคยถูกคอมเมนท์

คอมเมนท์ทรัพยากรรายการนี้
  คอมเมนท์: Aromaกลิ่นกรุ่นอุ..


 Copyright 2026. Bcnsprnw @Library